000 00792nam a2200217 a 4500
005 20240925070126.0
008 010726s2008 br 000 0 por d
020 _a9788576520757
035 _aUPN01000110102
049 _aUNE
050 4 _aJZ5534
_bR6.5
100 1 _aRolim, Marcos Flávio,
_d1960-
_941249
245 1 0 _aMais educacao, menos violencia :
_bcaminhos inovadores do programa de abertura das escolas públicas nos fins de semana /
_cMarcos Rolim.
260 _aBrasília :
_bUNESCO :
_bFundacao Vale,
_cc2008.
300 _a101 p. :
_bil. col., tablas
440 0 _aAbrindo espacos.
_pEducacao e cultura para a paz
500 _aTambién localizas un ejemplar en Colección General
650 4 _aPaz
_xEstudio y enseñanza
_94940
650 4 _aViolencia
_97151
905 _aLibro
999 _c84011
_d84011